1689 1872 1525 1066 1844 1300 1412 1624 1662 1421 1361 1994 1791 1778 1806 1867 1678 1495 1962 1461 1266 1785 1564 1977 1075 1409 1009 1750 1528 1961 1884 1829 1566 1765 1885 1332 1988 1829 1524 1777 1203 1035 1588 1012 1313 1450 1801 1760 1602 1895 1752 1637 1342 1290 1271 1465 1252 1687 1286 1957 1673 1798 1685 1841 1082 1772 1961 1573 1874 1168 1931 1619 1135 1023 1004 1021 1385 1151 1377 1356 1726 1293 1536 1990 1730 1555 1792 1843 1478 1349 1845 1160 1190 1301 1302 1026 1785 1715 1186 BCNSPRNW ULIB Ver.6.0+V

เปลี่ยนเป็นภาษาไทย

Change to English
 แสดงรายละเอียดบรรณานุกรม
  กลับหน้าหลัก

Brief Record : Get Marc (ISO 2709) : E-mail record : QR code < ปิดหน้าต่าง
LEADER : 00000nam 2200000uu 4500
001    13399110971
003     ULIB
008    110614s||||||||th 000 0 tha d
020    9789741010639
050  4 AC158^bอ543ว 2551
100 1  ยองจู, อัน
245 10 วิทยาศาสตร์ฉลาดรู้ เรื่อง พลังงาน /^cอันยองจู, เขียน ;วิภาพร พูลสวัสดิ์, แปล
250    พิมพ์ครั้งที่ 4
260    กรุงเทพฯ :^bอัมรินทร์คอมมิกส์,^c2551
300    199 หน้า :^bภาพประกอบ ;^c21 ซม.
440  0 ชุดวิทยาศาสตร์ฉลาดรู้ ;^vลำดับที่ 13
650  7 การ์ตูน
650  7 พลังงาน (กลศาสตร์)^xวรรณกรรมสำหรับเด็ก
650  7 วรรณกรรมเกาหลี
650  7 วรรณกรรมสำหรับเด็ก
700 0  วิภาพร พูลสวัสดิ์,^eผู้แปล
945    ^p199^l0^i024192
945    ^p199^l0^i024191
995    ทศพร
999 ^a ใช้งานได้ทุกระบบ
รายการนี้ยังไม่มีแท็ก
คุณยังไม่ได้ล็อกอิน คุณสามารถมีกิจกรรมร่วมกับเว็บไซต์ได้ แต่ต้องล็อกอินก่อน ::
  ล็อกอิน

รายการสื่อสารสนเทศ

ลำดับที่ ประเภท เลขเรียก/บาร์โค้ด สถานที่ สถานะ
- ไม่พบข้อมูล -

รายการใกล้เคียง
    ผู้แต่ง [ยองจู, อัน]

    หัวเรื่อง [การ์ตูน]
    หัวเรื่อง [วรรณกรรมเกาหลี]
    หัวเรื่อง [วรรณกรรมสำหรับเด็ก]

BibComment


ยังไม่เคยถูกคอมเมนท์

คอมเมนท์ทรัพยากรรายการนี้
  คอมเมนท์: วิทยาศาสตร์ฉลาดรู..


 Copyright 2026. Bcnsprnw @Library